000 nam a22 a 4500
999 _c445
_d445
003 AKMAL
005 20170504084356.0
008 170504s1999 my 00 may d
020 _a9839236172 (kkt.):
_cRM 22.10
040 _aAKMAL
082 0 4 _a153.14 TUR
_221
090 0 0 _a153.14
_bTUR
100 1 _aTurkington, Carol
_91045
245 1 0 _a12 langkah ke arah daya ingatan cemerlang /
_cCarol A. Turkington ; [penterjemah Nor Halina Ghazali]
260 _aPetaling Jaya :
_bPrentice Hall,
_c1999
300 0 0 _aviii, 148ms. :
_bil. ;
_c21cm
504 _aBibliografi: ms. 141-148
599 _aDALAM PROSES
650 0 _aMnemonics
_91025
650 0 _aMemory
_91023
700 0 _aNor Halina Ghazali
_91046
740 0 2 _aDua belas langkah ke arah daya ingatan cemerlang
942 _2ddc
_cBOOK